| 000 | 01206cab a2200253 4500 | ||
|---|---|---|---|
| 001 | X3450 | ||
| 008 | 090401t1996 xxu||||| |||| 00| 0 eng d | ||
| 035 | _a(Sirsi) u30599 | ||
| 041 | _aeng | ||
| 245 | _aSolihull MBC and McDermott | ||
| 260 | _c1996 | ||
| 350 | _a0 | ||
| 490 |
_aPlanning Appeal Decisions _v(1996) 11 PAD 276-282(7) |
||
| 520 | _aEnforcement notice - physical appearnace and layout of a domestic dwelling - near farm and yard - Structure Plan - Unitary Development Plan - Green Belt - whether planning permission needed - date of erection - scrap domestic building materials - building used for housing calves - within 400m of protected building - whether appropriate in Green Belt - whether very special circumstances - requirement that building be demolished. Costs - appellant required to pay costs of meeting legal grounds of appeal which he was unable to justify. (HEADNOTE FROM JOURNAL) | ||
| 650 | _aDOMESTIC DWELLING | ||
| 650 | _aENFORCEMENT NOTICE | ||
| 650 | _aGREEN BELT | ||
| 650 | _aPLANNING PERMISSION | ||
| 650 | _aSTRUCTURE PLAN | ||
| 650 | _aUNITARY DEVELOPMENT PLAN | ||
| 690 | _aPLANNING LAW AND PRACTICE-CASE LAW | ||
| 942 | _n0 | ||
| 948 | _c04/03/1997 | ||
| 999 |
_c20628 _d20628 |
||